000 00807nam a22002297a 4500
999 _c57510
_d57510
005 20230216145348.0
008 111011t xxu||||| |||| 00| 0 eng d
010 _aENG-103938 ENG-136205
020 _a9789380318165
_c950.00
035 _aEN-87471 EN-119737
037 _bDBAD/PUB
040 _aDPL
_bEng
082 _a934
100 _aDudi, Amar Singh
_935436
245 0 0 _aAncient Indian history /
_cby Amar Singh Dudi
260 _aNew Delhi
_bNeha Publishers
_c2012
270 _a4832/24 A, Prahlad Lane, S-207, Ansari Road, Darya Ganj
_bNew Delhi
_e110002
300 _a304p.
_c23cm (Hb)
500 _aIncludes bibliographical references and index
942 _2ddc
_cEN
_h934
_mDUD